Many peoples, many faiths : an introduction to the religious life of mankind /

Bibliographic Details
Main Author: Ellwood, Robert S., 1933-
Format: Book
Language:English
Published: Englewood Cliffs, N.J. : Prentice-Hall, [1976]
Subjects:

MARC

Tag First Indicator Second Indicator Subfields
LEADER 00000pam a2200000 i 4500
001 in00000491321
005 20151013053150.0
008 751030s1976 njua b 00110 eng
010 |a  75037878  
020 |a 0135559952 
035 |a (OCoLC)01859904 
035 |9 ACB8341AM 
040 |a DLC  |c DLC  |d TXA  |d UtOrBLW 
049 |a TXAM  |c [1358403] 
050 0 0 |a BL80.2  |b .E45 
082 0 |a 291 
100 1 |a Ellwood, Robert S.,  |d 1933- 
245 1 0 |a Many peoples, many faiths :  |b an introduction to the religious life of mankind /  |c Robert S. Ellwood, Jr. 
264 1 |a Englewood Cliffs, N.J. :  |b Prentice-Hall,  |c [1976] 
264 4 |c ©1976 
300 |a xiii, 365 pages :  |b illustrations ;  |c 24 cm. 
336 |a text  |b txt  |2 rdacontent 
337 |a unmediated  |b n  |2 rdamedia 
338 |a volume  |b nc  |2 rdacarrier 
500 |a Includes index. 
504 |a Bibliography: pages 341-355. 
650 0 |a Religions. 
650 0 |a Religion. 
999 |a MARS 
999 f f |s 30a22d01-7b33-37c5-a63e-3e267846de6a  |i 10e62e2d-f58b-3506-b86f-4032519117d1  |t 0 
952 f f |p ric  |a Texas A&M University  |b Rellis Campus  |c Joint Library Facility  |d Remote Storage  |t 0  |e BL80.2 .E45  |h Library of Congress classification  |i unmediated -- volume  |m A14801732584 
998 f f |a BL80.2 .E45  |t 0  |l Remote Storage